00741nam a2200169 a 450000100100000000500170001000800410002704000250006808200150009310000410010824501720014926000490032130000430037070000270041395201140044099900170055400003583220200930074640.0111115s1967 fr ac 000 0 spa d aDO-SdBNPbspacBNPHU axxxbP454c1 aPerrault, Charles,d1628-170396180210aContes /cCharles Perrault ; Textes établis, avec introduction biographique, bibliographique, noticies, relevé de variantes, notes et glossaire par Gilbert Rouger. aParis :bÉditions Garnier Fréres,c1967. alxxxi, 309 p. :bil., retrs. ;c19 cm.1 aRouger, Gilbert961803 0010507-18MOaGRbGRcOId2011-11-15iLF1l0oxxx P454cp35832-10r2020-06-25w2020-06-25y1ZNo se presta c35323d35323